000 00351nam a22001457a 4500
003 SGT
020 _a978034034348976
082 _a923.154
_bI82H
100 _aH.Y. SHARADA
245 _aINDIRA GANDHI:ON PEOPLES AND PROBLEMS
260 _aINDIA
_bHODDER AND STOUGHTON
_c1982
300 _a213
650 _aPRIME MINISTER OF INDIA
942 _2ddc
_cBK
999 _c25873
_d25873